Online Catalogue and eLibrary

The dipavamsa : (Record no. 3501)

MARC details
000 -LEADER
fixed length control field 00446nam a2200169Ia 4500
005 - DATE AND TIME OF LATEST TRANSACTION
control field 20250219014112.0
008 - FIXED-LENGTH DATA ELEMENTS--GENERAL INFORMATION
fixed length control field 240331s9999 xx 000 0 und d
082 ## - DDC Classification
Item Number - Author Mark OLD
Class No. 954
100 ## - MAIN ENTRY--PERSONAL NAME
Personal name Oldenberg,H
245 #4 - TITLE STATEMENT
Title The dipavamsa :
Remainder of title an ancient Buddhist Historical Record
260 ## - PUBLICATION, DISTRIBUTION, ETC.
Place of publication, distribution, etc. New Delhi
Name of publisher, distributor, etc. Asian Educational Services
Date of publication, distribution, etc. 1982
300 ## - PHYSICAL DESCRIPTION
Extent (e.g. Volumes, Pages etc.) 227 p .,
650 ## - SUBJECT ADDED ENTRY--TOPICAL TERM
Topical term or geographic name entry element History
650 ## - SUBJECT ADDED ENTRY--TOPICAL TERM
Topical term or geographic name entry element Ancient Literature
650 ## - SUBJECT ADDED ENTRY--TOPICAL TERM
Topical term or geographic name entry element Language
942 ## - Koha item type (Biblio)
Koha item type Books in Stacks (Lending)
Holdings
Lost status Damaged status Collection code Home library Current library Shelving location Date acquired Full call number Accession Number Item type
    Lending WERC Library WERC Library Social Science Cupboard 03/31/2024 954.93 OLD 580 Books in Stacks (Lending)

© WERC Library